The Americas (except US) Geography by Letter - H - Statistics

General Stats
  • This quiz has been taken 635 times
  • The average score is 7 of 10
Answer Stats
Hint Answer % Correct
Capital of Cuba Havana
100%
Country in the Caribbean Haiti
99%
Country in Central America Honduras
98%
Island in which the above country is located Hispaniola
88%
A Great Lake and a First Nation which lived in Ontario Huron
88%
Massive bay in north eastern Canada Hudson Bay
85%
Capital of Nova Scotia and Canadian port Halifax
75%
A system of large land holdings in Latin America Hacienda
54%
Known as the Hammer or Canada's Steel City, its a major city located between Toronto and Buffalo Hamilton
38%
Third largest city in Cuba and popular tourist destination among Canadians Holguin
11%
No matching quizzes found
Score Distribution
Percent of People with Each Score
Percentile by Number Answered
Your Score History
You have not taken this quiz